| 000 | 00959nam a2200241 a 4500 | ||
|---|---|---|---|
| 001 | 39158 | ||
| 003 | BD-RjUL | ||
| 005 | 20211209052929.0 | ||
| 008 | 160405s1968 bg ||||e |||| 00| 0 ben d | ||
| 020 | _cPRs.12.50 | ||
| 035 | _a(BD-RjUL) | ||
| 040 |
_aBD-RjUL _bben _cBD-RjUL |
||
| 041 | _aben | ||
| 082 |
_223 _a891.43909 _bYUU 1968 |
||
| 100 |
_aইউসুফ, মনির উদ্দীন _9120814 |
||
| 245 |
_aউর্দূ সাহিত্যের ইতিহাস / _cমনির উদ্দীন ইউসুফ |
||
| 260 |
_aঢাকা : _bবাংলা একাডেমী, _c১৯৬৮ |
||
| 300 |
_a[৮] ৪২৫ পৃ.; _c২০ সে.মি. |
||
| 504 | _aগ্রন্থপঞ্জী সম্বিলিত | ||
| 650 |
_aউর্দূ সাহিত্য _9120815 _vইতিহাস ও সমালোচনা |
||
| 650 |
_aUrdu literature _9120816 _vHistory and criticism |
||
| 942 |
_2ddc _cBK _01 |
||
| 999 |
_c39158 _d39158 |
||